书目信息 |
| 题名: |
好好告别
|
|
| 作者: | 道蒂 著 ;崔倩倩 译 | |
| 分册: | ||
| 出版信息: | 北京 中国友谊出版公司 2019.06 |
|
| 页数: | 303页 | |
| 开本: | 21cm | |
| 丛书名: | ||
| 单 册: | ||
| 中图分类: | I712.55 | |
| 科图分类: | ||
| 主题词: | 纪实文学--ji shi wen xue--美国--现代 | |
| 电子资源: | ||
| ISBN: | 978-7-5057-4442-4 | |
| 000 | 01151nam0 2200277 450 | |
| 001 | 202019137225 | |
| 005 | 20191026133320.0 | |
| 010 | @a978-7-5057-4442-4@dCNY48.00 | |
| 100 | @a20191022d2019 em y0chiy50 ea | |
| 101 | 1 | @achi@ceng |
| 102 | @aCN@b110000 | |
| 105 | @ay a 000zy | |
| 106 | @ar | |
| 200 | 1 | @a好好告别@Ahao hao gao bie@f(美) 凯特琳·道蒂著@d= Smoke gets in your eyes@fCaitlin Doughty@g崔倩倩译@zeng |
| 210 | @a北京@c中国友谊出版公司@d2019.06 | |
| 215 | @a303页@d21cm | |
| 314 | @a(美) 凯特琳·道蒂, 职业殡葬师、作家、博主。 | |
| 320 | @a有书目 (第294-303页) | |
| 330 | @a凯特琳坦率真实又妙趣横生地记录了自己在火葬场工作6年的生活, 讲述了一个个具体而微的生命故事, 还有所有人都要面对却不愿说起的一切细节, 更有对死亡和生命的深刻体悟。难得的是, 凯瑟琳不猎奇、不逃避、不畏惧, 像是个现代小女巫一般, 带领我们直视死亡, 也直视生命。 | |
| 500 | 10 | @aSmoke gets in your eyes@mChinese |
| 606 | 0 | @a纪实文学@Aji shi wen xue@y美国@z现代 |
| 690 | @aI712.55@v5 | |
| 701 | 1 | @a道蒂@Adao di@g(Doughty, Caitlin),@f1984-@4著 |
| 702 | 0 | @a崔倩倩@Acui qian qian@4译 |
| 801 | 0 | @aCN@c20190905 |
| 905 | @a河南城建学院图书馆@dI712.55@eD192 | |
| 好好告别/(美) 凯特琳·道蒂著= Smoke gets in your eyes/Caitlin Doughty/崔倩倩译.-北京:中国友谊出版公司,2019.06 |
| 303页;21cm |
| ISBN 978-7-5057-4442-4:CNY48.00 |
| 凯特琳坦率真实又妙趣横生地记录了自己在火葬场工作6年的生活, 讲述了一个个具体而微的生命故事, 还有所有人都要面对却不愿说起的一切细节, 更有对死亡和生命的深刻体悟。难得的是, 凯瑟琳不猎奇、不逃避、不畏惧, 像是个现代小女巫一般, 带领我们直视死亡, 也直视生命。 |
| ● |
| 相关链接 |
|
|
|
正题名:好好告别
索取号:I712.55/D192
 
预约/预借
| 序号 | 登录号 | 条形码 | 馆藏地/架位号 | 状态 | 备注 |
| 1 | 1445670 | 214456701 | 文学库116/116文学库 29排6列4层/ [索取号:I712.55/D192] | 在馆 | |
| 2 | 1445671 | 214456710 | 文学库116/116文学库 29排6列4层/ [索取号:I712.55/D192] | 在馆 |